| 000 | 01008 a2200241 4500 | ||
|---|---|---|---|
| 001 | 31848 | ||
| 005 | 20260407155620.0 | ||
| 008 | 260407a1971 arg spa d | ||
| 003 | AR-UNSa-BCEJYS | ||
| 040 |
_aAR-UNSa-BCEJYS _bspa _cAR-UNSa-BCEJYS |
||
| 080 |
_a519.8 _xInvestigación operativa |
||
| 245 | 1 | 0 | _aIntroducción a la investigación operativa |
| 264 | 1 |
_aMadrid : _bAguilar _c1971 |
|
| 300 |
_a635 p. _c22 cm. |
||
| 505 | _aI: Naturaleza general de la investigación operativa - II: El problema - III: El modelo - IV: Modelos de inventarios - V: Modelos de distribución - VI: Modelos de espera - VII: Modelos de reemplazamiento - VIII: Modelos de competencia - IX: Verificación, control y aplicación de modelos - X: Administración de la investigación operativa. | ||
| 041 | _aspa | ||
| 942 | _cBK | ||
| 590 | _aniveau_biblio:m niveau_hierar:0 | ||
| 100 | 1 | _aAckoff, Ruseell L. | |
| 700 | 1 | _aChurchman, C. West | |
| 700 | 1 | _aGarcia de Diego López, Luis | |
| 700 | 1 | _aArnoff, E. Leonard | |
| 999 |
_c2217 _d2217 |
||